Statistics for 150 Digits of Pi(π) in 30 Seconds

Click here to take the quiz!

General Stats

  • This quiz has been taken 143 times
  • The average score is 8 of 30

Answer Stats

Number of DigitsDigits% Correct
1~514159
100%
6~1026535
78%
11~1589793
75%
16~2023846
61%
21~2526433
59%
26~3083279
56%
31~3550288
51%
36~4041971
47%
41~4569399
41%
46~5037510
37%
51~5558209
32%
56~6074944
31%
61~6559230
29%
71~7506286
22%
66~7078164
22%
76~8020899
17%
81~8586280
14%
86~9034825
12%
91~9534211
8%
96~10070679
7%
101~10582148
7%
116~12006647
5%
106~11008651
5%
111~11532823
5%
121~12509384
3%
126~13046095
3%
136~14023172
2%
131~13550582
2%
141~14553594
2%
146~15008128
0%

Score Distribution

Percentile by Number Answered

Percent of People with Each Score

Your Score History

You have not taken this quiz